书目信息 |
| 题名: |
死亡通知单
|
|
| 作者: | 周浩晖 著 | |
| 分册: | ||
| 出版信息: | 北京 国际文化出版公司 2009.07 |
|
| 页数: | 297页 | |
| 开本: | 23cm | |
| 丛书名: | 刑警罗飞系列 | |
| 单 册: | ||
| 中图分类: | I247.5 | |
| 科图分类: | ||
| 主题词: | 中篇小说--Zhong Pian Xiao Shuo--作品集--中国--当代 | |
| 电子资源: | ||
| ISBN: | 978-7-80173-899-8 | |
| 000 | 00892nam 2200241 450 | |
| 001 | 249780 | |
| 005 | 20100611110417.73 | |
| 010 | @a978-7-80173-899-8@dCNY28.80 | |
| 100 | @a20100515d2009 em y0chiy0121 ea | |
| 101 | 0 | @achi |
| 102 | @aCN@b110000 | |
| 105 | @ay z 000ay | |
| 200 | 1 | @a死亡通知单@ASi Wang Tong Zhi Dan@f周浩晖著 |
| 210 | @a北京@c国际文化出版公司@d2009.07 | |
| 215 | @a297页@d23cm | |
| 225 | 2 | @a刑警罗飞系列@AXing Jing Luo Fei Xi Lie@h第一季 |
| 330 | @a十八年前,一起离奇的爆炸案,两个本可大有作为的年轻生命就此消亡,只留给死者的恋人和好友十八年的追念和自责。十八年后,作为当事人的罗飞终于再次介入此案,十八年前的隐秘案在他面前一层层解开了尘封..... | |
| 410 | 0 | @12001 @a刑警罗飞系列 |
| 606 | 0 | @a中篇小说@AZhong Pian Xiao Shuo@j作品集@y中国@z当代 |
| 690 | @aI247.5@v4 | |
| 701 | 0 | @a周浩晖@AZhou Hao Hui@4著 |
| 801 | 0 | @aCN@c20100515 |
| 905 | @dI247.5@eZ760-2@f3 | |
| 死亡通知单/周浩晖著.-北京:国际文化出版公司,2009.07 |
| 297页;23cm.-(刑警罗飞系列.第一季) |
| ISBN 978-7-80173-899-8:CNY28.80 |
| 十八年前,一起离奇的爆炸案,两个本可大有作为的年轻生命就此消亡,只留给死者的恋人和好友十八年的追念和自责。十八年后,作为当事人的罗飞终于再次介入此案,十八年前的隐秘案在他面前一层层解开了尘封..... |
| ● |
| 相关链接 |
|
|
|
正题名:死亡通知单
索取号:I247.5/Z760-2
 
预约/预借
| 序号 | 登录号 | 条形码 | 馆藏地/架位号 | 状态 | 备注 |